000 00483nam a2200169 a 4500
001 000023879
005 20200930022534.0
008 110114s2000 sp a r 000 0 spa d
020 _a8480881240
040 _aDO-SdBNP
_bspa
_cBNPHU
082 _axxxxx
_bS232m
100 1 _aSantandreu, Pol
_949124
245 1 0 _aMatemática financiera :
_bcon ejercicios resueltos /
_cPol Santandreu.
250 _a2a ed.
260 _aMadrid :
_bGestión,
_c2000.
300 _a191 p. :
_bil. ;
_c22 cm.
999 _c23375
_d23375